History Quiz

Random History or Europe Quiz
Score 0/26 Timer 04:00
30 Plays Today
% Correct
Spain
97%
Russian Empire
96.9%
German Empire
96.8%
France
96.6%
United Kingdom
96%
Italy
95.9%
Portugal
95.1%
Sweden
94.9%
Norway
94.3%
Greece
92.8%
Ottoman Empire
90.7%
Belgium
89.2%
Switzerland
88%
% Correct
Netherlands
87.8%
Denmark
84.8%
Austro-Hungarian Empire
84.5%
Romania
81.4%
Serbia
79.2%
Bulgaria
77.9%
Albania
74.9%
Luxembourg
73.7%
Andorra
62.6%
Montenegro
60.1%
Monaco
58.9%
San Marino
58.8%
Liechtenstein
56.1%
Remove Ads.
Support Sporcle.
Get the best of Sporcle when you Go Orange. This ad-free experience offers more features, more stats, and more fun while also helping to support Sporcle. Thank you for becoming a member.

You're not logged in!

Compare scores with friends on all Sporcle quizzes.
OR
Log In

Show Comments

Extras

Top Quizzes Today


Score Distribution

Your Account Isn't Verified!

In order to create a playlist on Sporcle, you need to verify the email address you used during registration. Go to your Sporcle Settings to finish the process.

Report this User

Report this user for behavior that violates our Community Guidelines.

Details: